[Event "New Delhi FIDE GP (Women)"]
[Site "New Delhi"]
[Date "2023.03.26"]
[Round "1"]
[White "Dzagnidze, Nana"]
[Black "Batsiashvili, Nino"]
[Result "1/2-1/2"]
[WhiteElo "2525"]
[BlackElo "2489"]
[PlyCount "109"]
[EventDate "2023.03.26"]
[EventType "tourn"]
[EventRounds "11"]
[EventCountry "IND"]
[EventCategory "11"]
[SourceTitle "CBM 213 Extra"]
[Source "ChessBase"]
[SourceDate "2023.05.31"]
[SourceVersion "1"]
[SourceVersionDate "2023.05.31"]
[SourceQuality "1"]

1. d4 d5 2. c4 e6 3. Nf3 Nf6 4. g3 Be7 5. Bg2 0-0 6. 0-0 c6 7. Qc2 b6 8. Rd1 Bb7 9. Nbd2 c5 10. dxc5 bxc5 11. Nb3 Nbd7 12. Bf4 a5 13. cxd5 exd5 14. Ne5 a4 15. Nxd7 Nxd7 16. Nd2 Qb6 17. Nc4 dxc4 18. Rxd7 Bxg2 19. Rxe7 Bh3 20. a3 Be6 21. Be5 Qd8 22. Rc7 Qd5 23. Bf4 Rfd8 24. Qc3 Bh3 25. f3 Rab8 26. Kf2 h5 27. Rc1 Be6 28. Rc2 Rb3 29. Qe5 Qd4+ 30. Kg2 Rb5 31. Rd2 Qxd2 32. Bxd2 Rxd2 33. Rxc5 Rxc5 34. Qxc5 Rxe2+ 35. Kf1 Rxb2 36. h4 g6 37. Ke1 Rb3 38. g4 Rxf3 39. gxh5 Rf5 40. Qc6 Rxh5 41. Qxa4 Rxh4 42. Qa8+ Kh7 43. Qc6 Rh3 44. a4 c3 45. a5 c2 46. Kd2 Bf5 47. a6 Rd3+ 48. Ke2 Rd7 49. Qh1+ Kg8 50. Qc6 g5 51. Qc5 Re7+ 52. Kd2 Rd7+ 53. Ke2 Re7+ 54. Kd2 Rd7+ 55. Ke2 1/2-1/2